| 000 | 01412cam a22004454i 4500 | ||
|---|---|---|---|
| 003 | PE-LiUPU | ||
| 005 | 20250731173558.0 | ||
| 008 | 150623s1970 ilua r 000 0 eng d | ||
| 020 | _a13:9780802416445 | ||
| 040 |
_aPE-LiUPU _bspa _cPE-LiUPU _erda _dPE-LiUPU |
||
| 049 | _aPRUA | ||
| 082 | 0 | 4 |
_a268 _bR516c _223 |
| 100 | 1 |
_aRichards, Laurence O., _eautor. |
|
| 245 | 1 | 0 |
_aCreative bible teaching / _cLawrence O. Richards. |
| 250 | _aRevised and expanded | ||
| 264 | 1 |
_aChicago : _bMoody Publishers, _c1998. |
|
| 300 |
_a342 páginas : _bilustraciones ; _c23 centímetros. |
||
| 336 |
_atext _2rdacontent |
||
| 337 |
_aunmediated _2rdamedia |
||
| 338 |
_avolume _2rdacarrier |
||
| 504 | _abibliografía páginas 323-331. | ||
| 505 | 0 | _aStudying the Bible -- Focusing the Message -- Structuring the Lesson -- Teaching the class -- Evaluating the results. | |
| 526 | _aSEG42 | ||
| 526 | _aSEG41 | ||
| 526 | _aSEG40 | ||
| 526 | _aSEG39 | ||
| 526 | _aP94 | ||
| 526 | _aP87 | ||
| 526 | _aP86 | ||
| 526 | _aP85 | ||
| 526 | _aP77 | ||
| 526 | _aP76 | ||
| 526 | _aP35 | ||
| 630 |
_aBiblia _xEstudio Enseñanza _vManuales. |
||
| 650 | 0 |
_aEducación religiosa _91399 |
|
| 650 | 0 |
_aBiblia _xEnseñanza. _91400 |
|
| 942 |
_2ddc _cBK _n0 |
||
| 980 |
_621515 _aDIGNA BRAÑES Analista Documental _81 _gALBERTO SANCHEZ Responsable de Automatización |
||
| 999 |
_c61872 _d61872 |
||